000 01421nam0a2200373 4500
001 RU\NLR\bibl\134877
005 20250618042828.0
010 _a5-03-003352-1
_95000
021 _aRU
_b2000-35174
_91630
035 _a(NLR Aleph) 000132122
090 _a754853
_c754853
100 _a20010205d2000 |||y0rusy50 ca
101 1 _arus
_ceng
102 _aRU
105 _aa |||||||||
200 1 _aСправочник по технологиям и средствам связи
_fС. Уайндер
_gПер. с англ. О.М. Субина и Н.И. Баяндина
210 _aМ.
_cМир
_d2000
215 _a429 с.
_cил.
_d21
320 _aБиблиогр.: с. 428-429
606 0 _aЭлектрическая связь
_jСправочники
_9920108
_3RU\NLR\auth\6618199
606 0 _aЭлектросвязь
_jСправочники
_92082637
_3RU\NLR\auth\661258664
610 0 _aТелекоммуникационные системы - Справочники
610 0 _aСправочники - телекоммуникационные системы
675 _a621.39(035.5)
_v3
_zrus
686 _a49
_2rugasnti
686 _a32.88я2
_2rubbk
686 _aЗ88я22
700 1 _aУайндер
_bС.
_gСтив
_4070
801 0 _aRU
_bRKP
_c20010205
_gPSBO
801 1 _aRU
_bRKP
_c20010205
801 2 _aRU
_bNLR
_c20010305
_grcr
942 _cBOOK
980 _aNB